Statistics for Mixed Country Flags

Click here to take the quiz!

General Stats

  • This quiz has been taken 217 times
  • The average score is 73 of 98

Answer Stats

LEFT RIGHT Countries % Correct
Tonga
Trinidad and Tobago
92%
South Africa
South Korea
90%
Kiribati
Kosovo
89%
Norway
Oman
87%
Netherlands
New Zealand
87%
United States
Uruguay
87%
Cambodia
Cameroon
87%
Barbados
Belarus
87%
Greece
Grenada
86%
Australia
Austria
84%
Ecuador
Egypt
84%
United Arab Emirates
United Kingdom
83%
Saudi Arabia
Senegal
82%
Sweden
Switzerland
82%
Vietnam
Yemen
81%
Botswana
Brazil
81%
Canada
Cape Verde
81%
Sri Lanka
Sudan
81%
Italy
Jamaica
80%
Japan
Jordan
79%
Iran
Iraq
79%
Ireland
Israel
79%
Panama
Papua New Guinea
79%
Germany
Ghana
79%
Argentina
Armenia
78%
Cyprus
Czech Republic
78%
Philippines
Poland
78%
Hungary
Iceland
78%
Burkina Faso
Burundi
78%
Gambia
Georgia
78%
Nigeria
North Korea
78%
India
Indonesia
78%
Bahrain
Bangladesh
77%
Afghanistan
Albania
77%
Uganda
Ukraine
77%
Malaysia
Maldives
77%
Angola
Antigua and Barbuda
77%
Marshall Islands
Mauritania
77%
Belgium
Belize
77%
Costa Rica
Cote d'Ivoire
77%
Brunei
Bulgaria
77%
Serbia
Seychelles
77%
Vatican City
Venezuela
76%
Eritrea
Estonia
76%
Mauritius
Mexico
76%
Lebanon
Lesotho
76%
Croatia
Cuba
76%
Morocco
Mozambique
76%
Bolivia
Bosnia and
Herzegovina
75%
Ethiopia
Federated States of
Micronesia
74%
Slovakia
Slovenia
74%
South Sudan
Spain
74%
Suriname
Swaziland
74%
Russia
Rwanda
74%
Azerbaijan
Bahamas
74%
Fiji
Finland
74%
Portugal
Qatar
74%
Kazakhstan
Kenya
73%
Benin
Bhutan
73%
Tajikistan
Tanzania
72%
Chile
China
72%
Nauru
Nepal
72%
Saint Kitts and Nevis
Saint Lucia
72%
Laos
Latvia
72%
France
Gabon
71%
Colombia
Comoros
70%
Djibouti
Dominica
70%
Mongolia
Montenegro
70%
Luxembourg
Macedonia
70%
San Marino
São Tomé and Príncipe
70%
Dominican Republic
East Timor
70%
Thailand
Togo
70%
Syria
Taiwan
70%
Kuwait
Kyrgyzstan
69%
Democratic Republic
of the Congo
Denmark
69%
Turkmenistan
Tuvalu
69%
Liberia
Libya
69%
Tunisia
Turkey
69%
Paraguay
Peru
69%
Uzbekistan
Vanuatu
69%
Liechtenstein
Lithuania
68%
Moldova
Monaco
68%
Haiti
Honduras
68%
El Salvador
Equatorial Guinea
67%
Pakistan
Palau
67%
Myanmar
Namibia
67%
Solomon Islands
Somalia
65%
Guatemala
Guinea
65%
Madagascar
Malawi
65%
Central African Republic
Chad
63%
Guinea-Bissau
Guyana
63%
Republic of the Congo
Romania
62%
Nicaragua
Niger
62%
Sierra Leone
Singapore
60%
Algeria
Andorra
60%
Zambia
Zimbabwe
59%
Saint Vincent and the
Grenadines
Samoa
56%
Mali
Malta
49%

Score Distribution

Percentile by Number Answered

Percent of People with Each Score

Your Score History

You have not taken this quiz